| 000 | 01599nam a2200397Ia 4500 | ||
|---|---|---|---|
| 001 | ebr10617501 | ||
| 003 | CaPaEBR | ||
| 006 | m u | ||
| 007 | cr cn||||||||| | ||
| 008 | 120803s2012 ilua sb 001 0 eng | ||
| 010 | _z 2012030961 | ||
| 020 | _z9780252037122 (cloth) | ||
| 020 | _z9780252078651 (pbk.) | ||
| 020 | _z9780252094231 | ||
| 040 |
_aCaPaEBR _cCaPaEBR |
||
| 035 | _a(OCoLC)818727270 | ||
| 043 | _an-us--- | ||
| 050 | 1 | 4 |
_aHF5813.U6 _bS767 2012eb |
| 082 | 0 | 4 |
_a940.54/88973 _223 |
| 100 | 1 | _aStole, Inger L. | |
| 245 | 1 | 0 |
_aAdvertising at war _h[electronic resource] : _bbusiness, consumers, and government in the 1940s / _cInger L. Stole. |
| 260 |
_aUrbana : _bUniversity of Illinois Press, _cc2012. |
||
| 300 |
_a263 p. : _bill. |
||
| 490 | 1 | _aThe history of communication | |
| 504 | _aIncludes bibliographical references and index. | ||
| 533 |
_aElectronic reproduction. _bPalo Alto, Calif. : _cebrary, _d2011. _nAvailable via World Wide Web. _nAccess may be limited to ebrary affiliated libraries. |
||
| 610 | 2 | 0 |
_aAdvertising Council _xHistory. |
| 650 | 0 |
_aAdvertising _zUnited States _xHistory _y20th century. |
|
| 650 | 0 |
_aWorld War, 1939-1945 _zUnited States _xPropaganda. |
|
| 650 | 0 |
_aCorporations _xPublic relations _zUnited States _xHistory _y20th century. |
|
| 651 | 0 |
_aUnited States _xHistory _y1933-1945. |
|
| 655 | 7 |
_aElectronic books. _2local |
|
| 710 | 2 | _aebrary, Inc. | |
| 830 | 0 | _aHistory of communication. | |
| 856 | 4 | 0 |
_uhttp://site.ebrary.com/lib/rucke/Doc?id=10617501 _zAn electronic book accessible through the World Wide Web; click to view |
| 999 |
_c54854 _d54854 |
||